00341nam a2200109 a 4500008004100000050002200041100002000063245008000083246005000163260000900213350000900222120416s9999 ||||||||||||||||| || u aCBU-UG THESIS/MWI aMwila, Patricia14aThe impact of automated systems on effective materials handling and storage aa case study of National breweries PLC, Kitwe a2004 a0.00